alg: 39247133
001A    $01999:11-11-16 
001B    $01999:27-04-21 $t20:49:15.000 
001C    $06050:19-11-16 $t15:08:38.000 
001D    $01999:11-11-16 
001U    $0utf8 
001X    $00 
002@    $0Aox 
003@    $0392471337 
007A    $0392471337 $aHEB 
007T    $0Herd12156 
010@    $ager 
011@    $a1999 
021A    $aWieviel "geborene" Kolberger gibt es noch? Ein Versuch 
028A    $aJancke $dPeter 
031A    $d82 $h2069-2072 $j1999 
037A    $aNachdr. in: Pommersche Zeitung 49. 31 (1999) 7; errechnet 10550 lebende geborene Kolberger 
037A    $aReprint w: Pommersche Zeitung 49. 31 (1999) 7; wylicza 10550 żyjących rodowitych kołobrzeżan  
039B    $aIn $8--Abvc--Vereinigung Ehemaliger Schüler des Dom- und Real-Gymnasiums zu Kolberg (Ostseebad), Pommern [Tb1]. Mitteilungen der Vereinigung Ehemaliger Schüler des Dom- und Real-Gymnasiums zu Kolberg, Ostseebad, Pommern. - Hamburg : [Verlag nicht ermittelbar], 1970-2020 $x199900000820000931 $9054887488 
045F    $a304.60943816 $eDDC23BSB 
045F/01 $a304.609 
045F/03 $g43816 
045T    $a7,41 $a8,1 

lok: 39247133 78

exp: 39247133 78 1 #EPN
201B/01 $027-06-18 $t23:05:10.000 
201U/01 $0utf8 
203@/01 $0788569112 
208@/01 $a11-11-16 $be 
209A/01 $a/ $f000 $x00 
220C/01 $aTitelaufnehmer: nk 
244Z/01 $2Trx $#Pomeranija $#Pommern $#Pomoransko $#Pomořansko $#Hinterpommern;Vorpommern;Mittelpommern $#Pomorze Środkowe;Pomorze Przednie $#Pomořansko;Západní Pomořany; Pomořany $8--Trx--Pomorze Zachodnie $x01 $9391303775 
244Z/01 $#Kolberg $75057070-5 $8--Tg1--Kołobrzeg $x02 $9044717024 
244Z/01 $aGeschichte 1944-1999 $x03 
244Z/01 $2Trx $#rahvastik liikumine ja struktuur $#gyventojai $#population migration, social stratification of the population $#népesség mozgalom és struktúra $#ludność ruch naturalny i struktura $#obyvateľstvo pohyb a štruktúra obyvateľstva $#obyvatelstvo pohyb a struktura obyvatelstva $#Sozialstruktur $#struktura społeczna $8--Trx--Bevölkerung$gBewegung und Struktur $x04 $9391372521 
244Z/01 $2Trx $#sakslased $#vokiečiai $#Germans $#németek $#Niemcy narodowość $#Nemci $#Němci $8--Trx--Deutsche $x05 $9391356801 
244Z/01 $2Trx $8--Trx--Zeitschriftenaufsatz $x06 $9391384341 
245Z/01 $a13.03 $x01 
245Z/01 $a08.02 $x02 
247C/01 $82080>Marburg/Lahn, Herder-Institut, Forschungsbibliothek, Bibliographieportal $9336309341
LEADER 00000caa a22000002c 4500
001 392471337
003 DE-603
005 20210427204915.0
007 tu
008 161111s1999 xx |||| | u00||u|ger c
035 |a (DE-599)HEB392471337 
040 |a DE-603  |b ger  |c DE-603  |d DE-603 
041 |a ger 
082 0 4 |8 1\u  |a 304.60943816  |q DE-101  |2 23/BSB 
084 |a 7,41  |a 8,1  |2 ssgn 
085 |8 1\u  |b 304.609 
085 |8 1\u  |z 2  |s 43816 
100 1 |a Jancke, Peter 
245 0 0 |a Wieviel "geborene" Kolberger gibt es noch? Ein Versuch 
264 0 |c 1999 
500 |a Nachdr. in: Pommersche Zeitung 49. 31 (1999) 7; errechnet 10550 lebende geborene Kolberger 
500 |a Reprint w: Pommersche Zeitung 49. 31 (1999) 7; wylicza 10550 żyjących rodowitych kołobrzeżan <pol> 
773 0 8 |i In  |a Vereinigung Ehemaliger Schüler des Dom- und Real-Gymnasiums zu Kolberg (Ostseebad), Pommern  |t Mitteilungen der Vereinigung Ehemaliger Schüler des Dom- und Real-Gymnasiums zu Kolberg, Ostseebad, Pommern  |d Hamburg : [Verlag nicht ermittelbar], 1970-2020  |h 30 cm  |g Band 82 (1999), Seite 2069-2072  |w (DE-603)054887488  |w (DE-600)1361441-1 
924 0 |9 2080  |a (DE-603)788569112  |b DE-2080  |c HES  |d d  |g /